| 000 | 005050000a22001930004500 | ||
|---|---|---|---|
| 001 | 003736 | ||
| 003 | MACL | ||
| 005 | 20150908110518.0 | ||
| 008 | 150908b xxu||||| |||| 00| 0 eng d | ||
| 040 |
_aMACL _cMACL |
||
| 041 | _aEnglish | ||
| 082 | _a809.89/SHA | ||
| 100 |
_aShamsie, Mineza _99105 |
||
| 245 |
_aWorld Changed _bContemporary Stories By Pakisrani Women _cMineza Shamsie |
||
| 260 |
_aNew Delhi _c2005 _bWomen Unlimited, |
||
| 350 | _a350 | ||
| 650 |
_aHistory _99106 |
||
| 942 |
_k810 _cBK _2ddc |
||
| 999 |
_c15630 _d15630 |
||